Életreform- és társadalmi-pedagógiai megújulási mozgalmak Magyarországon a 20. század elején

A 20. század eleji európai társadalmi-történeti viszonyok meghatározó eleme a szociális igazságtalanság iránti érzékenység erősödése. Ennek fontosabb megnyilvánulásai az elégedetlenség az intézményes vallásokkal szemben, idegenkedés a racionalizmustól és a materializmustól. Kétségbeejtő a kirekeszte...

Teljes leírás

Elmentve itt :
Bibliográfiai részletek
Szerzők: Mikonya György
Pirka Veronika
Dokumentumtípus: Cikk
Megjelent: 2010
Sorozat:Iskolakultúra 20 No. 3
Online Access:http://misc.bibl.u-szeged.hu/42339
LEADER 01519nab a2200193 i 4500
001 misc42339
005 20191106140604.0
008 180706s2010 hu o 0|| zxx d
022 |a 1215-5233 
040 |a SZTE Miscellanea Repozitórium  |b hun 
041 |a zxx 
100 1 |a Mikonya György 
245 1 0 |a Életreform- és társadalmi-pedagógiai megújulási mozgalmak Magyarországon a 20. század elején  |h [elektronikus dokumentum] /  |c  Mikonya György 
260 |c 2010 
300 |a 87-100 
490 0 |a Iskolakultúra  |v 20 No. 3 
520 3 |a A 20. század eleji európai társadalmi-történeti viszonyok meghatározó eleme a szociális igazságtalanság iránti érzékenység erősödése. Ennek fontosabb megnyilvánulásai az elégedetlenség az intézményes vallásokkal szemben, idegenkedés a racionalizmustól és a materializmustól. Kétségbeejtő a kirekesztettek, a társadalom peremére kerültek elkeseredettsége, reménytelensége. Érdekes, hogy ilyenkor a diktatúrák többnyire a költőket és az írókat zárják először börtönbe. Így történt ez most is, hiszen a költők, az írók és a művészek reagáltak a leggyorsabban és a leghatásosabban a visszásságokra. A sok-sok kezdeményezés között vallásos és szociális elemet kombináló mozgalmak is keletkeztek: egyesek közülük fejlődtek és napjainkig megmaradtak, mások elsorvadtak. 
700 0 1 |a Pirka Veronika  |e aut 
856 4 0 |u http://misc.bibl.u-szeged.hu/42339/1/6_EPA00011_iskolakultura_2010-03.pdf  |z Dokumentum-elérés